| 000 | 01318nam a2200337 a 4500 | ||
|---|---|---|---|
| 001 | ebr10681209 | ||
| 003 | CaPaEBR | ||
| 006 | m u | ||
| 007 | cr cn||||||||| | ||
| 008 | 110110s2011 nyua s 001 0 eng d | ||
| 010 | _z 2010051516 | ||
| 020 | _z9781612095356 (hardcover) | ||
| 020 | _z9781620814352 (e-book) | ||
| 040 |
_aCaPaEBR _cCaPaEBR |
||
| 035 | _a(OCoLC)779844105 | ||
| 050 | 1 | 4 |
_aTP951 _b.C37 2011eb |
| 082 | 0 | 4 |
_a662/.93 _222 |
| 245 | 0 | 0 |
_aCarbon black _h[electronic resource] : _bproduction, properties, and uses / _cIan J. Sanders and Thomas L. Peeten, editors. |
| 260 |
_aHauppauge, N.Y. : _bNova Science Publishers, _cc2011. |
||
| 300 |
_avi, 293 p. : _bill. |
||
| 490 | 0 | _aMaterials science and technologies | |
| 490 | 0 | _aChemical engineering methods and technology | |
| 500 | _aIncludes index. | ||
| 533 |
_aElectronic reproduction. _bPalo Alto, Calif. : _cebrary, _d2013. _nAvailable via World Wide Web. _nAccess may be limited to ebrary affiliated libraries. |
||
| 650 | 0 | _aCarbon-black. | |
| 655 | 7 |
_aElectronic books. _2local |
|
| 700 | 1 |
_aSanders, Ian J., _d1970- |
|
| 700 | 1 |
_aPeeten, Thomas L., _d1967- |
|
| 710 | 2 | _aebrary, Inc. | |
| 856 | 4 | 0 |
_uhttp://site.ebrary.com/lib/rucke/Doc?id=10681209 _zAn electronic book accessible through the World Wide Web; click to view |
| 999 |
_c157182 _d157182 |
||